| 000 | 00913nam a2200229Ii 4500 | ||
|---|---|---|---|
| 003 | JO-AjNU | ||
| 008 | 230605s9999||||xx |||||||||||||| ||und|| | ||
| 017 | _a2014/11/5216 | ||
| 020 | _a978-9957-484-44-6 | ||
| 040 |
_aJO-AjNU _bara _erda _cJO-AjNU |
||
| 041 | _aara | ||
| 050 | 1 | 4 | _aHC 415 2014 |
| 100 | 3 |
_aفاوت، سايمون ... واخرون ؛ ترجمة خليل عبد الحميد عياش, _eauthor _956683 |
|
| 245 | 0 | 0 | _a كتاب قراءة الديمقراطية الاجتماعية 2 : الاقتصاد والديمقراطية الاجتماعية |
| 250 | _aط2 | ||
| 264 | 3 | 1 | _aعمان: مؤسسة فريدرش اييرت، 2014 |
| 300 |
_a172ص _bيحتوي على ببلوغرافية من 165-172ص |
||
| 336 |
_atext _btxt _2rdacontent |
||
| 337 |
_aunmediated _bn _2rdamedia |
||
| 338 |
_avolume _bnc _2rdacarrier |
||
| 650 | 4 |
_aالديمقراطية -الاقتصاد _956684 |
|
| 999 |
_aA25357 _c28925 _d28925 |
||